[Event "C.to Provinciale AN"]
[Site "ITA"]
[Date "2001.02.11"]
[Round "2"]
[White "Possanzini, Lorenzo"]
[Black "Palmizi, Alessandro"]
[WhiteElo "1516"]
[BlackElo "1609"]
[Result "1/2-1/2"]
[PlyCount "68"]
[EventDate "2001.02.10"]

1. c3 e6 2. d4 a6 3. g3 d5 4. Bg2 c5 5. e3 Bd7 6. Ne2 Bc6 7. O-O c4 8. f4 f5 9.
Nd2 Nh6 10. Nf3 Nf7 11. Ne5 Nxe5 12. dxe5 Qe7 13. Nd4 Bd7 14. g4 g6 15. g5 h6
16. h4 hxg5 17. hxg5 Qh7 18. Qf3 b5 19. Kf2 Qf7 20. Bd2 a5 21. Rh1 Rxh1 22.
Rxh1 Na6 23. Rh8 Nc5 24. Qh3 Nd3+ 25. Kg3 Nxb2 26. Bf1 Na4 27. Rh7 Bg7 28. Qh1
Rb8 29. Bg2 Rb6 30. Qc1 Qg8 31. Rh2 Bf8 32. Qh1 Kd8 33. Rh8 Qf7 34. Rh7 Qg8
1/2-1/2

[Event "C.to Provinciale AN"]
[Site "ITA"]
[Date "2001.02.11"]
[Round "2"]
[White "Ragnini, Damiano"]
[Black "Cerusico, Carlo"]
[WhiteElo "1311"]
[BlackElo "1320"]
[Result "0-1"]
[PlyCount "94"]
[EventDate "2001.02.10"]

1. e4 e6 2. d4 d5 3. e5 c5 4. c3 cxd4 5. cxd4 Qb6 6. Bd3 Bd7 7. Nf3 Nc6 8. O-O
Nxd4 9. Be3 Nxf3+ 10. Qxf3 Qxb2 11. Nd2 Qxe5 12. Bf4 Qf6 13. Rfe1 Bc6 14. Qg3
Qd8 15. Nf3 Nf6 16. Ne5 g6 17. Re2 Bg7 18. Rae1 O-O 19. Qh4 Nd7 20. Qg3 Nxe5
21. Bxe5 Bxe5 22. Qxe5 Rc8 23. Re3 d4 24. Rg3 Qd5 25. Qe2 b5 26. h4 e5 27. h5
e4 28. Bxe4 Qxe4 29. Qxe4 Bxe4 30. Rxe4 Rc1+ 31. Kh2 Rd8 32. h6 Kf8 33. Rd3 Rc4
34. Rf4 a5 35. Rdf3 Rd7 36. Kg3 Rc3 37. Kg4 Rxf3 38. Kxf3 d3 39. a4 b4 40. Rc4
Rd8 41. Rc1 b3 42. Ke3 d2 43. Rd1 b2 44. Ke2 f5 45. g3 Kf7 46. f4 Kf6 47. Rb1
d1=Q+ 0-1

[Event "C.to Provinciale AN"]
[Site "ITA"]
[Date "2001.02.11"]
[Round "3"]
[White "Cerusico, Carlo"]
[Black "Padovani, Alessio"]
[WhiteElo "1320"]
[BlackElo "1602"]
[Result "0-1"]
[PlyCount "78"]
[EventDate "2001.02.10"]

1. b3 e5 2. Bb2 Nc6 3. e3 d6 4. Nf3 Nf6 5. c4 Be7 6. Nc3 O-O 7. d3 Bg4 8. Be2
a6 9. a3 Rb8 10. O-O Re8 11. Qc2 Bf8 12. Rad1 d5 13. cxd5 Nxd5 14. Nxd5 Qxd5
15. e4 Qd7 16. d4 Qe7 17. d5 Bxf3 18. Bxf3 Nd4 19. Bxd4 exd4 20. b4 Qe5 21. Qc4
Bd6 22. g3 Qf6 23. Bg2 Rbc8 24. Qxd4 Be5 25. Qd2 Red8 26. f4 Qb6+ 27. Kh1 Bd6
28. e5 Bf8 29. Bh3 Rb8 30. e6 f6 31. e7 Bxe7 32. Be6+ Kh8 33. Rfe1 Bd6 34. Qd4
Qb5 35. Bf5 Re8 36. Rxe8+ Rxe8 37. Be6 Qe2 38. Qd2 Qf3+ 39. Kg1 Qxa3 0-1

[Event "C.to Provinciale AN"]
[Site "ITA"]
[Date "2001.02.11"]
[Round "3"]
[White "Marconi, Andrea"]
[Black "Badiali, Giosue'"]
[WhiteElo "1504"]
[BlackElo "1621"]
[Result "0-1"]
[PlyCount "88"]
[EventDate "2001.02.10"]

1. Nf3 d6 2. b3 Nf6 3. Bb2 e5 4. e3 Bg4 5. Be2 Nbd7 6. O-O c6 7. d3 Qc7 8. c4
Be7 9. Nbd2 O-O 10. h3 Bh5 11. Nh2 Bg6 12. f4 exf4 13. Rxf4 d5 14. Ng4 Bc5 15.
Nxf6+ Nxf6 16. d4 Bd6 17. Rf1 Rae8 18. cxd5 Nxd5 19. Nc4 Bh2+ 20. Kh1 b5 21.
Ne5 Nxe3 22. Qd2 Nxf1 23. Rxf1 Bxe5 24. dxe5 Rd8 25. Qe3 Rfe8 26. Bd4 c5 27.
Bb2 a6 28. Rc1 Rc8 29. Bg4 f5 30. Bf3 Qe7 31. Rd1 Kh8 32. Qc3 c4 33. Rd6 cxb3
34. Qxb3 Bf7 35. Qa3 Rc2 36. Qb4 Rc4 37. Qd2 Ra4 38. a3 Be6 39. Bd5 Bxd5 40.
Qxd5 Re4 41. e6 Qg5 42. Be5 Re1+ 43. Kh2 f4 44. g4 Rxe5 0-1

[Event "C.to Provinciale AN"]
[Site "ITA"]
[Date "2001.02.11"]
[Round "3"]
[White "Palmizi, Alessandro"]
[Black "Morici, Marco"]
[WhiteElo "1609"]
[BlackElo "1621"]
[Result "0-1"]
[PlyCount "104"]
[EventDate "2001.02.10"]

1. e4 e6 2. d4 d5 3. exd5 exd5 4. c4 dxc4 5. Bxc4 Nc6 6. Nf3 Bb4+ 7. Nc3 Nge7
8. Bxf7+ Kxf7 9. O-O Bxc3 10. bxc3 Re8 11. Ng5+ Kg8 12. Qh5 Bf5 13. Qf7+ Kh8
14. Qb3 Bg6 15. f4 Qd7 16. Bb2 Na5 17. Nf7+ Bxf7 18. Qxf7 Qf5 19. Qxf5 Nxf5 20.
Rae1 Nc4 21. Bc1 Kg8 22. Kf2 Kf7 23. g4 Nfd6 24. Kf3 Rxe1 25. Rxe1 Re8 26. Rxe8
Kxe8 27. a4 Kf7 28. h4 g6 29. Ke2 c6 30. Kd3 b5 31. axb5 cxb5 32. d5 a5 33. Kd4
a4 34. Kc5 Ke7 35. Kb4 Nb6 36. Be3 a3 37. Bc1 Nxd5+ 38. Kxa3 Nxc3 39. Kb3 Nce4
40. Be3 Ke6 41. Kb4 Kd5 42. Bb6 Nf6 43. g5 Nh5 44. Be3 Nf5 45. Bc1 Kc6 46. Kc3
Nxh4 47. Kd4 Ng2 48. Ke4 b4 49. f5 gxf5+ 50. Kxf5 Ngf4 51. Ke4 Kc5 52. g6 Nxg6
0-1

[Event "C.to Provinciale AN"]
[Site "ITA"]
[Date "2001.02.11"]
[Round "3"]
[White "Tittarelli, Adriano"]
[Black "Possanzini, Lorenzo"]
[WhiteElo "1524"]
[BlackElo "1516"]
[Result "1/2-1/2"]
[PlyCount "45"]
[EventDate "2001.02.10"]

1. d4 e5 2. e3 exd4 3. exd4 d5 4. Nf3 Nf6 5. Bg5 Be7 6. Bd3 Bg4 7. h3 Bh5 8. c3
O-O 9. Nbd2 Re8 10. O-O Ne4 11. Bxe7 Rxe7 12. Qc2 Bg6 13. Ne5 Nxd2 14. Nxg6
fxg6 15. Qxd2 Nd7 16. Rfe1 Nf6 17. Rxe7 Qxe7 18. Re1 Qf7 19. Re5 Nd7 20. Re3
Re8 21. Rxe8+ Qxe8 22. Qe2 Qxe2 23. Bxe2 1/2-1/2

[Event "C.to Provinciale AN"]
[Site "ITA"]
[Date "2001.02.17"]
[Round "4"]
[White "Badiali, Giosue'"]
[Black "Morici, Marco"]
[WhiteElo "1621"]
[BlackElo "1621"]
[Result "0-1"]
[PlyCount "114"]
[EventDate "2001.02.10"]

1. d4 Nf6 2. c4 e6 3. Nc3 Bb4 4. Qc2 O-O 5. Bg5 Be7 6. e4 d6 7. Bd3 h6 8. Bh4
Nc6 9. Nge2 Nb4 10. Qd2 Nxd3+ 11. Qxd3 Nd7 12. Bg3 b6 13. a3 Bb7 14. O-O e5 15.
d5 Nc5 16. Qc2 a6 17. f4 Nd7 18. Nd1 exf4 19. Nxf4 Bf6 20. Kh1 Re8 21. Nf2 Nc5
22. Rae1 Qd7 23. b4 Na4 24. h3 b5 25. Ng4 Bc3 26. c5 dxc5 27. bxc5 Bxe1 28. c6
Bxc6 29. Bxe1 Bb7 30. Nh5 Qd6 31. Bb4 Qg6 32. Nf4 Qxe4 33. Qxc7 Bxd5 34. Nxd5
Qxd5 35. Qg3 Qg5 36. h4 Qg6 37. Qf3 Rac8 38. Nf2 Rc6 39. Nh3 Rf6 40. Nf4 Qe4
41. Re1 Qa8 42. Rxe8+ Qxe8 43. g3 Qc6 44. Qxc6 Rxc6 45. Nd5 Kh7 46. Kg2 Rc4 47.
Kf3 Kg6 48. g4 Nc5 49. Nf4+ Kh7 50. Nh5 Nd3 51. Bd6 a5 52. Ke3 Nc5 53. Nf4 b4
54. axb4 axb4 55. g5 hxg5 56. hxg5 b3 57. Be5 Re4+ 0-1

[Event "C.to Provinciale AN"]
[Site "ITA"]
[Date "2001.02.17"]
[Round "4"]
[White "Padovani, Alessio"]
[Black "Marconi, Andrea"]
[WhiteElo "1602"]
[BlackElo "1504"]
[Result "1-0"]
[PlyCount "85"]
[EventDate "2001.02.10"]

1. c4 Nf6 2. g3 d6 3. Bg2 g6 4. Nc3 Bg7 5. d3 O-O 6. Nf3 Bg4 7. O-O Qd7 8. Re1
c6 9. Bd2 Na6 10. Rb1 Nc7 11. b4 Rfe8 12. a4 Rac8 13. b5 cxb5 14. axb5 b6 15.
Nd4 Ne6 16. Bc6 Rxc6 17. Nxc6 Nd8 18. Nxd8 Rxd8 19. f3 Bh3 20. e4 h5 21. Nd5
Nh7 22. Nf4 Bd4+ 23. Be3 e5 24. Nxh3 Qxh3 25. Bxd4 exd4 26. Qe2 Ng5 27. Qg2 Qe6
28. h4 Nh7 29. Ra1 Qd7 30. Re2 Nf6 31. Rea2 Ra8 32. Qf2 Qc7 33. Qxd4 Nd7 34.
Qd5 Ne5 35. Qxa8+ Kg7 36. Qd5 Qd7 37. Kg2 Qe7 38. Rxa7 Qf6 39. Rf1 g5 40. hxg5
Qxg5 41. f4 Qg4 42. fxe5 Qe2+ 43. Rf2 1-0

[Event "C.to Provinciale AN"]
[Site "ITA"]
[Date "2001.02.17"]
[Round "4"]
[White "Palmizi, Alessandro"]
[Black "Baleani, Emanuele"]
[WhiteElo "1609"]
[BlackElo "1632"]
[Result "1-0"]
[PlyCount "89"]
[EventDate "2001.02.10"]

1. e4 c5 2. Nf3 d6 3. d4 cxd4 4. c3 dxc3 5. Nxc3 Nc6 6. Bc4 e6 7. O-O Nf6 8.
Qe2 a6 9. Rd1 Qc7 10. a3 Be7 11. Bg5 O-O 12. Rac1 h6 13. Bh4 b5 14. Nxb5 axb5
15. Bxb5 Bb7 16. Bxc6 Ba6 17. Bb5 Bxb5 18. Qxb5 Qd8 19. e5 Nd5 20. Bg3 dxe5 21.
Nxe5 Rb8 22. Qe2 Bf6 23. Nc6 Rxb2 24. Rc2 Rxc2 25. Qxc2 Qa8 26. Ne5 Bxe5 27.
Bxe5 Qxa3 28. Ra1 Qe7 29. h3 Qg5 30. Qe4 Rc8 31. Kh2 f6 32. Bd6 Re8 33. Ra3 f5
34. Qa4 Qd8 35. Qc6 g5 36. Ra7 Ne7 37. Bxe7 Rxe7 38. Ra8 Qxa8 39. Qxa8+ Kf7 40.
Qh8 Kg6 41. Qg8+ Kh5 42. f3 e5 43. Qf8 Ra7 44. Qxf5 e4 45. Qf6 1-0

[Event "C.to Provinciale AN"]
[Site "ITA"]
[Date "2001.02.17"]
[Round "4"]
[White "Possanzini, Lorenzo"]
[Black "Cerusico, Carlo"]
[WhiteElo "1516"]
[BlackElo "1320"]
[Result "1-0"]
[PlyCount "77"]
[EventDate "2001.02.10"]

1. c3 e6 2. d4 d5 3. e3 Bd6 4. Bd3 Nf6 5. f4 Bd7 6. Nf3 Nc6 7. O-O Qe7 8. b3
O-O-O 9. c4 dxc4 10. bxc4 Qe8 11. Nc3 a6 12. Rb1 Bb4 13. Qb3 b6 14. a3 Bxc3 15.
Qxc3 Na5 16. Bd2 Ba4 17. c5 Bb5 18. Bxb5 axb5 19. cxb6 Nc4 20. bxc7 Rd5 21. Qd3
Nd7 22. Bb4 Ndb6 23. Bc5 Na4 24. Qb3 Kxc7 25. Qxb5 Qxb5 26. Rxb5 Nxe3 27. Rfb1
Nxc5 28. Rxc5+ Rxc5 29. dxc5 f6 30. Nd4 e5 31. fxe5 fxe5 32. Ne6+ Kd7 33. Nxg7
Rg8 34. Re1 Nxg2 35. Kxg2 Rxg7+ 36. Kf3 Ke6 37. c6 Rc7 38. Rc1 Kf5 39. a4 1-0

[Event "C.to Provinciale AN"]
[Site "ITA"]
[Date "2001.02.17"]
[Round "4"]
[White "Tittarelli, Adriano"]
[Black "Marini, Jacopo"]
[WhiteElo "1524"]
[BlackElo "1500"]
[Result "1-0"]
[PlyCount "103"]
[EventDate "2001.02.10"]

1. d4 d5 2. Nf3 Nc6 3. Bf4 Nf6 4. e3 Bf5 5. c3 e6 6. Nbd2 Be7 7. h3 O-O 8. Nh4
Ne4 9. Nxf5 exf5 10. Nxe4 fxe4 11. Be2 Bd6 12. g3 a6 13. a3 b5 14. b4 Qe7 15.
a4 Na7 16. axb5 Nxb5 17. Bxb5 axb5 18. O-O Bxf4 19. gxf4 Qd7 20. Qg4 Qc6 21.
Rxa8 Rxa8 22. Rc1 Qa6 23. Kh2 Qa3 24. Rg1 g6 25. Qd7 Qa6 26. Qxd5 Re8 27. f5
Qd6+ 28. Qxd6 cxd6 29. fxg6 hxg6 30. Rg5 Rb8 31. Kg3 Kg7 32. Kf4 f5 33. Rg1 Rc8
34. Rc1 Kh6 35. f3 d5 36. fxe4 fxe4 37. Ke5 Rd8 38. Rg1 Kh5 39. Kf6 Rg8 40. Ke5
Rd8 41. h4 Kh6 42. Rg5 Rc8 43. Kxd5 Rxc3 44. Kxe4 Rc4 45. Rxb5 Rc1 46. Rb8 Rh1
47. b5 Rxh4+ 48. Ke5 g5 49. Rh8+ Kg6 50. Rxh4 gxh4 51. Kf4 Kh5 52. Kf3 1-0

[Event "C.to Provinciale AN"]
[Site "ITA"]
[Date "2001.02.18"]
[Round "5"]
[White "Badiali, Giosue'"]
[Black "Tittarelli, Adriano"]
[WhiteElo "1621"]
[BlackElo "1524"]
[Result "1-0"]
[PlyCount "87"]
[EventDate "2001.02.10"]

1. d4 d5 2. Nf3 Nf6 3. Bf4 e6 4. e3 Nbd7 5. Nbd2 c5 6. c3 c4 7. Qc2 b5 8. a3
Bb7 9. Be2 Be7 10. h3 h6 11. g4 Nh7 12. h4 Ndf8 13. g5 h5 14. Be5 Rg8 15. Nh2
g6 16. f4 Nd7 17. Bxh5 Nxe5 18. dxe5 d4 19. Bf3 Bxf3 20. Ndxf3 d3 21. Qd2 Bc5
22. Ng4 Qb6 23. Kf2 O-O-O 24. h5 gxh5 25. Rxh5 Nf8 26. Nf6 Rg7 27. Ne4 Ng6 28.
Nxc5 Qxc5 29. Nd4 Rgg8 30. b4 Qb6 31. Rah1 Rh8 32. a4 a6 33. Qa2 Rxh5 34. Rxh5
Kb7 35. Rh7 Rd7 36. Ke1 Nf8 37. Rh8 Ng6 38. Rh7 Nf8 39. Rg7 Ng6 40. Qg2+ Kc7
41. a5 Qa7 42. Qc6+ Kd8 43. Rg8+ Ke7 44. Qc8 1-0

[Event "C.to Provinciale AN"]
[Site "ITA"]
[Date "2001.02.18"]
[Round "5"]
[White "Baleani, Emanuele"]
[Black "Ragnini, Damiano"]
[WhiteElo "1632"]
[BlackElo "1311"]
[Result "1-0"]
[PlyCount "55"]
[EventDate "2001.02.10"]

1. e4 c5 2. f4 e6 3. Nf3 d5 4. Bb5+ Bd7 5. Bxd7+ Nxd7 6. exd5 exd5 7. O-O Bd6
8. d4 Ngf6 9. Re1+ Be7 10. Nc3 a6 11. Qe2 b5 12. dxc5 Nxc5 13. b4 Nce4 14. Nxe4
Nxe4 15. a3 O-O 16. Bb2 Bf6 17. Ne5 Qb6+ 18. Kf1 Bxe5 19. Bxe5 Rae8 20. Rad1 f6
21. Bd4 Qc7 22. Qf3 Qxc2 23. Kg1 Re6 24. Rc1 Nd2 25. Qxd5 Qg6 26. Qxe6+ Kh8 27.
Rc8 Nf3+ 28. Kh1 1-0

[Event "C.to Provinciale AN"]
[Site "ITA"]
[Date "2001.02.18"]
[Round "5"]
[White "Marconi, Andrea"]
[Black "Possanzini, Lorenzo"]
[WhiteElo "1504"]
[BlackElo "1516"]
[Result "0-1"]
[PlyCount "72"]
[EventDate "2001.02.10"]

1. b3 d6 2. Nf3 e5 3. e3 f5 4. Bb2 Nf6 5. Nc3 Be7 6. Bc4 d5 7. Be2 e4 8. Nd4 c5
9. Bb5+ Kf7 10. Nde2 a6 11. Ba4 b5 12. Nxb5 axb5 13. Bxb5 Bd7 14. c4 Be6 15.
Nf4 h5 16. a4 Na6 17. Nxe6 Kxe6 18. Bxf6 Bxf6 19. cxd5+ Kxd5 20. Rc1 Nb4 21.
Qe2 Rc8 22. Qc4+ Kd6 23. O-O Qg8 24. d4 Qxc4 25. Rxc4 Nd3 26. dxc5+ Rxc5 27.
Rxc5 Kxc5 28. g3 Kb4 29. Bc4 Nc5 30. Rd1 Rd8 31. Rb1 Nxa4 32. Bf7 Nc3 33. Rb2
h4 34. Bg6 h3 35. f4 Rd1+ 36. Kf2 Rh1 0-1

[Event "C.to Provinciale AN"]
[Site "ITA"]
[Date "2001.02.18"]
[Round "5"]
[White "Marini, Jacopo"]
[Black "Palmizi, Alessandro"]
[WhiteElo "1500"]
[BlackElo "1609"]
[Result "1-0"]
[PlyCount "88"]
[EventDate "2001.02.10"]

1. e4 g6 2. Nf3 d6 3. Nc3 Bg7 4. d4 e6 5. Be2 Nd7 6. O-O Ne7 7. Bg5 h6 8. Bh4
g5 9. Bg3 f5 10. exf5 Nxf5 11. d5 e5 12. Qd3 Nf6 13. Ne4 Bd7 14. Nxf6+ Qxf6 15.
Qb3 b6 16. Ba6 h5 17. h3 O-O 18. Qc4 Rf7 19. Bb7 Raf8 20. Bc6 Bxc6 21. dxc6 Kh8
22. a4 a5 23. c3 Qe7 24. Qe2 Bf6 25. Nd2 Rh7 26. Ne4 Bg7 27. Bh2 Nh4 28. Qe3
Bh6 29. Qe2 Qe8 30. Qc4 g4 31. Bg3 Nf5 32. h4 Qe7 33. Qd3 Nxh4 34. Bxh4 Qxh4
35. Qg3 Qe7 36. b4 Bf4 37. Qd3 h4 38. f3 g3 39. Ra2 h3 40. Rd1 Qh4 41. Qe2 hxg2
42. Qxg2 Be3+ 43. Kf1 Qh1+ 44. Qxh1 Rxh1+ 1-0

[Event "C.to Provinciale AN"]
[Site "ITA"]
[Date "2001.02.18"]
[Round "5"]
[White "Morici, Marco"]
[Black "Padovani, Alessio"]
[WhiteElo "1621"]
[BlackElo "1602"]
[Result "0-1"]
[PlyCount "82"]
[EventDate "2001.02.10"]

1. c4 e5 2. Nc3 Nc6 3. Nf3 g6 4. e4 Bg7 5. Be2 d6 6. O-O Nge7 7. d3 O-O 8. Bg5
Be6 9. Qd2 Qd7 10. Bh6 f5 11. Bxg7 Kxg7 12. Ng5 f4 13. Nxe6+ Qxe6 14. Nb5 Qd7
15. d4 a6 16. d5 axb5 17. dxc6 Nxc6 18. cxb5 Nd4 19. Qd3 Ra5 20. a4 Rfa8 21.
Qd1 Nxe2+ 22. Qxe2 Rxa4 23. Rxa4 Rxa4 24. Rc1 Rb4 25. Qc2 Rxb5 26. Qxc7 Qxc7
27. Rxc7+ Kh6 28. Rc2 Rc5 29. Rc3 Rxc3 30. bxc3 b5 31. f3 Kg5 32. Kf2 Kf6 33.
Ke1 Ke6 34. Kd2 d5 35. Kd3 dxe4+ 36. Kxe4 h6 37. g3 fxg3 38. hxg3 h5 39. f4
exf4 40. Kxf4 Kf6 41. Ke4 g5 0-1

[Event "C.to Provinciale AN"]
[Site "ITA"]
[Date "2001.02.18"]
[Round "6"]
[White "Cerusico, Carlo"]
[Black "Marini, Jacopo"]
[WhiteElo "1320"]
[BlackElo "1500"]
[Result "1-0"]
[PlyCount "117"]
[EventDate "2001.02.10"]

1. d4 d5 2. e3 Bf5 3. Nf3 Nf6 4. Bd3 Bg6 5. O-O e6 6. Re1 Bd6 7. c3 Nbd7 8. Qc2
c6 9. b3 b6 10. a3 Qc7 11. Qe2 Ng4 12. g3 h5 13. Bxg6 fxg6 14. e4 O-O-O 15. Bg5
Rde8 16. Nbd2 Nf8 17. e5 Be7 18. Bxe7 Qxe7 19. b4 Nh7 20. a4 Ref8 21. b5 c5 22.
Rf1 Kb7 23. a5 Ra8 24. Nh4 Nf8 25. f3 Nh6 26. axb6 axb6 27. Rxa8 Kxa8 28. Qd3
Nf5 29. Nxf5 gxf5 30. Rf2 c4 31. Qb1 Ng6 32. Nf1 h4 33. Qa1+ Qa7 34. Ra2 Qxa2
35. Qxa2+ Kb8 36. Qa3 Rd8 37. Qa6 Rd7 38. Qxb6+ Rb7 39. Qxe6 Ne7 40. gxh4 Ka7
41. Ng3 g6 42. f4 Kb8 43. h5 gxh5 44. Nxh5 Ka7 45. Ng7 Nc8 46. Nxf5 Nb6 47. Nd6
Rb8 48. h4 Rd8 49. h5 Rd7 50. Nc8+ Nxc8 51. Qxd7+ Kb8 52. Qxd5 Nb6 53. Qf7 Na4
54. Qxc4 Nb2 55. Qf7 Nd1 56. c4 Nc3 57. b6 Ne2+ 58. Kf2 Nxd4 59. Qc7+ 1-0

[Event "C.to Provinciale AN"]
[Site "ITA"]
[Date "2001.02.18"]
[Round "6"]
[White "Marconi, Andrea"]
[Black "Tittarelli, Adriano"]
[WhiteElo "1504"]
[BlackElo "1524"]
[Result "0-1"]
[PlyCount "92"]
[EventDate "2001.02.10"]

1. b3 d5 2. Nf3 Bf5 3. Bb2 e6 4. e3 Nd7 5. d4 Ngf6 6. Nh4 Bg6 7. Nxg6 hxg6 8.
Nc3 c6 9. Be2 Bd6 10. h3 Qe7 11. O-O Rh6 12. f4 Ne4 13. Nxe4 dxe4 14. Qe1 f5
15. c4 Nf6 16. Qg3 Kf7 17. Rac1 Rah8 18. d5 exd5 19. Bxf6 gxf6 20. cxd5 cxd5
21. Rc2 g5 22. Rfc1 gxf4 23. exf4 Rg8 24. Qe3 b6 25. b4 Rh4 26. Rf1 Bxb4 27.
Qb3 Bc5+ 28. Kh1 Qd6 29. Rd2 Rd8 30. Qg3 Rh6 31. Qb3 Kg7 32. Qg3+ Rg6 33. Qb3
d4 34. Bh5 Rh6 35. Qf7+ Kh8 36. g4 e3 37. g5 Rh7 38. Qg6 Rg8 39. Qxh7+ Kxh7 40.
Rg2 fxg5 41. Bf7 Rg7 42. fxg5 Qc6 43. Rxf5 e2 44. Re5 d3 45. Re6 Qxe6 46. Bxe6
e1=Q+ 0-1

[Event "C.to Provinciale AN"]
[Site "ITA"]
[Date "2001.02.18"]
[Round "6"]
[White "Padovani, Alessio"]
[Black "Palmizi, Alessandro"]
[WhiteElo "1602"]
[BlackElo "1609"]
[Result "1-0"]
[PlyCount "83"]
[EventDate "2001.02.10"]

1. c4 g6 2. g3 c6 3. Bg2 Nf6 4. Nc3 Bg7 5. Nf3 d5 6. cxd5 Nxd5 7. O-O O-O 8.
Nxd5 Qxd5 9. d4 Rd8 10. e3 Qd6 11. Qe2 Bg4 12. h3 Bc8 13. b3 b6 14. Bb2 Ba6 15.
Qc2 Bxf1 16. Rxf1 Nd7 17. Nd2 Rac8 18. Rc1 c5 19. Nc4 Qb8 20. d5 Bxb2 21. Qxb2
b5 22. Na5 Ne5 23. Qc2 Qb6 24. Nc6 Nxc6 25. dxc6 Rc7 26. Bf3 Rd6 27. Qxc5 Qxc5
28. Rxc5 a6 29. a4 bxa4 30. bxa4 Rd8 31. Rc4 Kf8 32. Rb4 a5 33. Rb5 Ra8 34. Kf1
e6 35. Ke2 Ke7 36. Kd3 Kd6 37. Kc4 Ra6 38. Kd4 f6 39. g4 e5+ 40. Kd3 Rcxc6 41.
Bxc6 Rxc6 42. Rxa5 1-0

[Event "C.to Provinciale AN"]
[Site "ITA"]
[Date "2001.02.18"]
[Round "6"]
[White "Possanzini, Lorenzo"]
[Black "Badiali, Giosue'"]
[WhiteElo "1516"]
[BlackElo "1621"]
[Result "0-1"]
[PlyCount "132"]
[EventDate "2001.02.10"]

1. c3 Nf6 2. d4 g6 3. e3 Bg7 4. Bd3 Nc6 5. f4 e6 6. Nf3 d5 7. O-O O-O 8. Nbd2
a6 9. Ne5 Ne7 10. Ndf3 b5 11. b4 Bb7 12. a4 c6 13. a5 Qd6 14. Nd2 Rae8 15. Nb3
Bc8 16. Nc5 Kh8 17. Bd2 Nfg8 18. Kh1 f6 19. Nf3 Nh6 20. h3 Nhf5 21. Bxf5 Nxf5
22. Qe1 e5 23. Nh4 Nh6 24. fxe5 fxe5 25. Qg3 Qe7 26. Nf3 Nf5 27. Qe1 e4 28. Nh2
Qg5 29. Kg1 Nh4 30. g4 h5 31. Qg3 hxg4 32. hxg4 Kg8 33. Rxf8+ Rxf8 34. Rf1 Qe7
35. Rxf8+ Bxf8 36. Be1 g5 37. Qh3 Qf6 38. Bxh4 gxh4 39. Qf1 Qg6 40. Qg2 Bd6 41.
Nf1 Kg7 42. Nh2 Qg5 43. Nf1 Kg6 44. Kf2 Qf6+ 45. Ke2 Kg5 46. Ke1 Qf3 47. Qxf3
exf3 48. Nd3 Kxg4 49. Nf2+ Kh5 50. Nh1 Bh3 51. Nf2 Bg2 52. Nd3 h3 53. Ne5 Bxe5
54. dxe5 Kg5 55. e6 Kf6 56. e7 Kxe7 57. Nh2 Kf6 58. Kf2 Kf5 59. Kg1 Ke4 60. Ng4
Kd3 61. Nh6 Kxc3 62. Nf5 Kxb4 63. Nd4 c5 64. Nc6+ Ka4 65. Ne7 c4 66. Nxd5 f2+
0-1

[Event "XLV C.to Torinese Assoluto 2000"]
[Site "Torino ITA"]
[Date "2001.01.??"]
[Round "?"]
[White "Faraoni, Enrico"]
[Black "Mordiglia, Riccardo"]
[WhiteElo "2168"]
[BlackElo "2102"]
[Result "1/2-1/2"]
[PlyCount "64"]
[EventDate "2001.01.19"]

1. e4 c6 2. Nf3 d5 3. e5 Bf5 4. Nd4 Bc8 5. e6 Bxe6 6. Nxe6 fxe6 7. d4 Qd6 8. f4
Nf6 9. Bd3 c5 10. O-O cxd4 11. Nd2 Nc6 12. Nf3 g6 13. b4 a6 14. Re1 Bg7 15. Qe2
Ne4 16. Bxe4 dxe4 17. Qxe4 d3 18. Rb1 dxc2 19. Qxc2 Nd4 20. Nxd4 Bxd4+ 21. Kh1
Qd5 22. Rb3 Kf7 23. Rd3 Rac8 24. Qe2 Rhd8 25. f5 e5 26. fxg6+ hxg6 27. Rf1+ Kg7
28. Rg3 Rf8 29. Bh6+ Kxh6 30. Rxg6+ Kxg6 31. Qg4+ Kh6 32. Qh4+ Kg6 1/2-1/2

[Event "XLV C.to Torinese Assoluto 2000"]
[Site "Torino ITA"]
[Date "2001.01.??"]
[Round "?"]
[White "Mordiglia, Riccardo"]
[Black "Cordara, Michele"]
[WhiteElo "2102"]
[BlackElo "2187"]
[Result "1-0"]
[PlyCount "44"]
[EventDate "2001.01.19"]

1. e4 c5 2. d3 d5 3. exd5 Qxd5 4. Nc3 Qd7 5. Nf3 Nc6 6. g3 e5 7. Bg2 Bd6 8. O-O
Nge7 9. Ng5 Nd4 10. Nce4 h6 11. Nxd6+ Qxd6 12. Ne4 Qb6 13. f4 O-O 14. fxe5 Ng6
15. Qh5 Re8 16. Nf6+ gxf6 17. exf6 Qd6 18. Qxg6+ fxg6 19. f7+ Kf8 20. Bxh6+ Ke7
21. f8=Q+ Rxf8 22. Bxf8+ Kd7 1-0

[Event "XLV C.to Torinese Assoluto 2000"]
[Site "Torino ITA"]
[Date "2001.01.??"]
[Round "?"]
[White "Pepino, Enrico"]
[Black "Lo Curto, Emanuele"]
[WhiteElo "1858"]
[BlackElo "2106"]
[Result "1/2-1/2"]
[PlyCount "69"]
[EventDate "2001.01.19"]

1. e4 c5 2. Nf3 d6 3. d4 cxd4 4. Nxd4 Nf6 5. Nc3 Nc6 6. Nb3 e6 7. Be3 Be7 8. f3
a6 9. Qd2 b5 10. g4 Nd7 11. O-O-O Rb8 12. Qf2 Qc7 13. h4 Nde5 14. g5 Bd7 15.
Bh3 Nc4 16. f4 b4 17. Ne2 Rc8 18. Kb1 a5 19. Bc1 a4 20. Nbd4 Nxd4 21. Nxd4 Qc5
22. Rhf1 O-O 23. f5 e5 24. f6 Bxh3 25. fxe7 Bxf1 26. exf8=Q+ Rxf8 27. Rxf1 exd4
28. Rd1 Ne3 29. Rd3 Rc8 30. Bxe3 dxe3 31. Qe2 Qc4 32. Rxe3 Qxe2 33. Rxe2 Re8
34. Kc1 Kf8 35. Kd2 1/2-1/2

[Event "XLV C.to Torinese Assoluto 2000"]
[Site "Torino ITA"]
[Date "2001.01.??"]
[Round "?"]
[White "Pepino, Enrico"]
[Black "Maccagno, Giancarlo"]
[WhiteElo "1858"]
[BlackElo "2152"]
[Result "1-0"]
[PlyCount "63"]
[EventDate "2001.01.19"]

1. e4 c5 2. Nf3 e6 3. c4 Nc6 4. d4 cxd4 5. Nxd4 Nf6 6. Nc3 Bb4 7. Nxc6 bxc6 8.
Bd3 Qc7 9. O-O Ba6 10. f4 h5 11. h3 Bc5+ 12. Kh2 d6 13. Qe2 Qe7 14. g3 Nd7 15.
Be3 Rb8 16. b3 Bxe3 17. Qxe3 Nc5 18. Be2 e5 19. Rf2 Ne6 20. fxe5 dxe5 21. Rf5
Nd4 22. Raf1 Nxf5 23. exf5 Rd8 24. f6 gxf6 25. Ne4 h4 26. Nxf6+ Kf8 27. g4 Rd4
28. g5 Bc8 29. g6 Rf4 30. Rxf4 exf4 31. g7+ Kxg7 32. Qxe7 1-0

[Event "XLV C.to Torinese Assoluto 2000"]
[Site "Torino ITA"]
[Date "2001.01.??"]
[Round "?"]
[White "Pepino, Enrico"]
[Black "Ricca, Roberto"]
[WhiteElo "1858"]
[BlackElo "2100"]
[Result "1-0"]
[PlyCount "99"]
[EventDate "2001.01.19"]

1. e4 e5 2. Nf3 Nc6 3. d4 d6 4. dxe5 Qe7 5. Bb5 Bd7 6. Nc3 dxe5 7. Nd5 Qd6 8.
O-O O-O-O 9. Be3 a6 10. Ba4 h6 11. c4 Nge7 12. Nb6+ Kb8 13. Qxd6 cxd6 14. Nxd7+
Rxd7 15. Rfd1 Ng6 16. Rd2 Be7 17. Rad1 Kc7 18. b4 Ra8 19. a3 Rdd8 20. g3 Nf8
21. Bb3 Nd7 22. Ne1 f6 23. f3 b6 24. Nc2 a5 25. b5 Ncb8 26. Bf2 Nc5 27. Bxc5
dxc5 28. Ne3 Rxd2 29. Rxd2 Bf8 30. Bd1 Nd7 31. Be2 Rd8 32. Bf1 g6 33. Bh3 Bg7
34. Rxd7+ Rxd7 35. Bxd7 Kxd7 36. Nd5 h5 37. h3 f5 38. Nxb6+ Kd6 39. Kf2 Bh6 40.
a4 fxe4 41. fxe4 Bg5 42. Nd5 Kd7 43. Kf3 Kd6 44. h4 Be7 45. Kg2 Bd8 46. Kh3 g5
47. hxg5 Bxg5 48. Kg2 Kd7 49. Kf3 Ke6 50. b6 1-0

[Event "XLV C.to Torinese Assoluto 2000"]
[Site "Torino ITA"]
[Date "2001.01.??"]
[Round "?"]
[White "Ricca, Roberto"]
[Black "Maccagno, Giancarlo"]
[WhiteElo "2100"]
[BlackElo "2152"]
[Result "1-0"]
[PlyCount "59"]
[EventDate "2001.01.19"]

1. c4 f5 2. e4 fxe4 3. d3 Nf6 4. dxe4 e5 5. Nc3 Bb4 6. Bd2 O-O 7. a3 Bc5 8. Nf3
Ng4 9. Bg5 Be7 10. Bxe7 Qxe7 11. Nd5 Qc5 12. Qc2 Nc6 13. b4 Nd4 14. Qa2 Qd6 15.
c5 Qe6 16. Bc4 Kh8 17. Nxd4 exd4 18. f3 c6 19. Ne3 d5 20. cxd6 Qe5 21. Nxg4
Bxg4 22. fxg4 Qxe4+ 23. Qe2 Qg6 24. d7 a5 25. bxa5 Qd6 26. Qe6 Qf4 27. Rf1 Qxh2
28. O-O-O Qxg2 29. Rxf8+ Rxf8 30. Qf7 1-0